[Event "XXIX Festival Isola d'Elba A"]
[Site "Capoliveri ITA"]
[Date "2011.05.09"]
[Round "3"]
[White "Paleologu, Vladimir"]
[Black "Evangelisti, Claudio R."]
[Result "1/2-1/2"]
[WhiteElo "2152"]
[BlackElo "2243"]
[PlyCount "45"]
[EventDate "2011.05.07"]

1. e4 d6 2. d4 Nf6 3. Bd3 c5 4. c3 cxd4 5. cxd4 e5 6. Ne2 Be7 7. O-O O-O 8.
Nbc3 a6 9. h3 Nc6 10. Be3 exd4 11. Nxd4 Nxd4 12. Bxd4 b5 13. Ne2 Bb7 14. f3 Nd7
15. a4 bxa4 16. Rxa4 Nc5 17. Bxc5 dxc5 18. Bc4 Qb6 19. Qc2 Bf6 20. Ra3 Rfd8 21.
Rb3 Qc7 22. Nc3 Bc6 23. Nd5 1/2-1/2

[Event "XXIX Festival Isola d'Elba A"]
[Site "Capoliveri ITA"]
[Date "2011.05.09"]
[Round "3"]
[White "Dittmar, Peter"]
[Black "Arigoni, Bruno"]
[Result "1-0"]
[WhiteElo "2307"]
[BlackElo "2071"]
[PlyCount "69"]
[EventDate "2011.05.07"]

1. e4 e5 2. Bc4 Nf6 3. d4 exd4 4. Nf3 Nc6 5. O-O Nxe4 6. Re1 d5 7. Bxd5 Qxd5 8.
Nc3 Qa5 9. Nxe4 Be6 10. Neg5 O-O-O 11. Nxe6 fxe6 12. Rxe6 Qf5 13. Qe2 Bc5 14.
Bg5 Rdf8 15. Bh4 h6 16. Bg3 g5 17. Rxc6 bxc6 18. Qa6+ Kb8 19. Qxc6 Bb6 20. Ne5
Rh7 21. a4 d3 22. Nxd3 h5 23. a5 Bd4 24. Ra4 Qg4 25. Rb4+ Kc8 26. Qb7+ Kd8 27.
Qb8+ Ke7 28. Qxc7+ Kf6 29. Qd6+ Kf7 30. Qd5+ Kf6 31. Be5+ Kg6 32. Qd6+ Kf7 33.
Qf6+ Ke8 34. Rb8+ Kd7 35. Qd6# 1-0

[Event "XXIX Festival Isola d'Elba A"]
[Site "Capoliveri ITA"]
[Date "2011.05.09"]
[Round "3"]
[White "Schaefer, Michael"]
[Black "Albanesi, Roberto"]
[Result "1-0"]
[WhiteElo "2248"]
[BlackElo "1980"]
[PlyCount "123"]
[EventDate "2011.05.07"]

1. d4 d5 2. c4 c6 3. Nc3 dxc4 4. g3 Nf6 5. Bg2 e6 6. Nf3 Nbd7 7. a4 Bb4 8. O-O
O-O 9. Qc2 Qc7 10. Na2 Bd6 11. Qxc4 e5 12. Nc3 exd4 13. Nxd4 Ne5 14. Qb3 Bc5
15. e3 Rd8 16. Nce2 Qb6 17. Qc2 Bb4 18. Nf4 Qc5 19. a5 a6 20. Qa4 Qe7 21. Qc2
Qc5 22. Qa4 Qe7 23. Qc2 Qc5 24. Qb1 g6 25. Ra4 Qe7 26. Qc2 c5 27. Nf3 Bd7 28.
Ra1 Bb5 29. Nxe5 Bxf1 30. Nexg6 hxg6 31. Bxf1 Rd6 32. Bc4 Kg7 33. f3 Rad8 34.
e4 Rd1+ 35. Bf1 R1d7 36. Be3 Qd6 37. Be2 Qc7 38. Nd3 Bxa5 39. Bf4 Qb6 40. Kg2
Nh5 41. Be3 Qc7 42. b3 Kg8 43. g4 Ng7 44. Bf4 Qb6 45. Bg5 Re8 46. Nb2 Bb4 47.
Bc4 Ne6 48. Be3 Nd4 49. Qf2 Qf6 50. g5 Qd6 51. Nd3 b5 52. Bd5 Nxb3 53. Rb1 c4
54. Bf4 Qf8 55. Ne5 Rxe5 56. Bxe5 Qe8 57. Qg3 Bf8 58. Rb2 Qc8 59. Qf4 Bg7 60.
Bxg7 Kxg7 61. Qf6+ Kf8 62. Qh8+ 1-0

[Event "XXIX Festival Isola d'Elba A"]
[Site "Capoliveri ITA"]
[Date "2011.05.09"]
[Round "3"]
[White "Facchetti, Gianni"]
[Black "Blasco, Domenico"]
[Result "0-1"]
[WhiteElo "2098"]
[BlackElo "1939"]
[PlyCount "52"]
[EventDate "2011.05.07"]

1. e4 g6 2. d4 Bg7 3. Nc3 d6 4. Be3 a6 5. h3 b5 6. Bd3 Bb7 7. Nce2 Nd7 8. Nf3
e6 9. c3 Ne7 10. Qd2 O-O 11. Bh6 Re8 12. Bxg7 Kxg7 13. Qf4 f5 14. O-O-O fxe4
15. Ng5 Nf5 16. Nxe4 Nf6 17. Nxf6 Qxf6 18. f3 Bd5 19. Kb1 Bc4 20. Nc1 e5 21.
dxe5 dxe5 22. Qh2 Ne3 23. Rde1 Bxd3+ 24. Nxd3 Nc4 25. Nc5 Rad8 26. Ka1 Qc6 0-1

[Event "XXIX Festival Isola d'Elba A"]
[Site "Capoliveri ITA"]
[Date "2011.05.09"]
[Round "3"]
[White "Guerrini, Donato"]
[Black "Horton-Kitchlew, Andrew"]
[Result "0-1"]
[WhiteElo "2011"]
[BlackElo "2100"]
[PlyCount "154"]
[EventDate "2011.05.07"]

1. Nf3 d5 2. g3 c6 3. Bg2 Nd7 4. d3 e5 5. c4 d4 6. O-O h5 7. e3 dxe3 8. Bxe3
Ngf6 9. Nbd2 Ng4 10. d4 Be7 11. dxe5 Nxe3 12. fxe3 Qb6 13. Qb3 Bc5 14. Rae1 h4
15. Qxb6 axb6 16. a3 hxg3 17. hxg3 Rh5 18. g4 Rxe5 19. Nxe5 Nxe5 20. Nb3 Bxg4
21. Nxc5 bxc5 22. Rf4 Be6 23. Rh4 O-O-O 24. Rf1 Nxc4 25. Bh3 Nxe3 26. Bxe6+
fxe6 27. Rc1 Rd4 28. Rh8+ Kc7 29. Rxc5 b6 30. Rg5 Nf5 31. Rg6 Rd1+ 32. Kf2 Kd7
33. b4 Rd2+ 34. Ke1 Rd3 35. Ra8 Rb3 36. Ra7+ Kd6 37. Rf7 Ke5 38. Rc7 Nd4 39.
Rgxg7 Rxa3 40. Rg5+ Kd6 41. Rgg7 Nc2+ 42. Kd2 Nxb4 43. Rgd7+ Kc5 44. Rc8 e5 45.
Re8 Ra2+ 46. Kd1 Ra1+ 47. Kd2 Ra2+ 48. Kd1 Nd5 49. Rxe5 b5 50. Re6 Nc3+ 51. Kc1
Rh2 52. Rg6 b4 53. Rb7 Ne2+ 54. Kb1 Nd4 55. Rg1 Nb5 56. Rg5+ Kc4 57. Rg4+ Kb3
58. Kc1 Rc2+ 59. Kd1 Nc3+ 60. Ke1 c5 61. Rc7 Rc1+ 62. Kf2 c4 63. Rg3 Kb2 64.
Kf3 Nd5 65. Rg2+ Kb3 66. Rc5 Rc3+ 67. Ke4 Nf6+ 68. Kf4 Rd3 69. Rg6 Nd5+ 70. Ke4
Nc3+ 71. Kf4 Na4 72. Rc7 c3 73. Ke4 Rd2 74. Rg3 Nb6 75. Rc5 Na4 76. Rb5 Kc4 77.
Rb8 c2 0-1

[Event "XXIX Festival Isola d'Elba A"]
[Site "Capoliveri ITA"]
[Date "2011.05.09"]
[Round "3"]
[White "De Zaiacomo, Tonino"]
[Black "De Giorgis, Georges"]
[Result "1/2-1/2"]
[WhiteElo "1715"]
[BlackElo "1758"]
[PlyCount "56"]
[EventDate "2011.05.07"]

1. d4 d5 2. c4 e6 3. Nc3 c6 4. Nf3 Nf6 5. Bg5 Be7 6. Rc1 Ne4 7. Nxe4 dxe4 8.
Bxe7 Qxe7 9. Nd2 f5 10. e3 O-O 11. Be2 Nd7 12. c5 Nf6 13. O-O Nd5 14. Bc4 Kh8
15. Qb3 a5 16. a4 g5 17. f4 gxf4 18. Bxd5 fxe3 19. Qxe3 exd5 20. Rf4 Qg7 21.
Rcf1 Rg8 22. Qh3 Be6 23. Nb3 h6 24. Rh4 Kh7 25. Rff4 Qg6 26. Rh5 Kg7 27. Rhh4
Kh7 28. Rh5 Kg7 1/2-1/2

[Event "XXIX Festival Isola d'Elba A"]
[Site "Capoliveri ITA"]
[Date "2011.05.09"]
[Round "3"]
[White "Fantana, Marin-Dumitru"]
[Black "Ricci, Alfredo"]
[Result "0-1"]
[WhiteElo "1914"]
[BlackElo "1946"]
[PlyCount "58"]
[EventDate "2011.05.07"]

1. e4 c5 2. Nf3 e6 3. d4 cxd4 4. Nxd4 a6 5. Bd3 Qc7 6. O-O d6 7. c4 Nf6 8. b3
Be7 9. Bb2 Nbd7 10. Qe2 b6 11. Nc3 Bb7 12. Kh1 O-O 13. f4 Rfe8 14. Rae1 g6 15.
Nf3 Bf8 16. Qf2 Bg7 17. Qh4 Nc5 18. Bb1 Nfxe4 19. Bxe4 Nxe4 20. Nxe4 Bxb2 21.
Neg5 h5 22. g4 hxg4 23. Qxg4 Kg7 24. Re2 Bf6 25. Kg1 Qc5+ 26. Kh1 Qf5 27. Qg3
e5 28. Nh3 Rh8 29. Kg2 Bh4 0-1

[Event "XXIX Festival Isola d'Elba A"]
[Site "Capoliveri ITA"]
[Date "2011.05.09"]
[Round "3"]
[White "Simeone, Giulio"]
[Black "Kopischke, Maik"]
[Result "1/2-1/2"]
[WhiteElo "1869"]
[BlackElo "1890"]
[PlyCount "40"]
[EventDate "2011.05.07"]

1. c4 e5 2. Nc3 Nf6 3. Nf3 d6 4. d4 exd4 5. Nxd4 Nbd7 6. Bg5 Be7 7. Nf5 O-O 8.
Qd2 Nb6 9. Nxe7+ Qxe7 10. e3 Bf5 11. Be2 Qe5 12. O-O Ne4 13. Nxe4 Bxe4 14. Bf4
Qe6 15. Qd4 Nd7 16. Rfd1 Rfe8 17. b4 b6 18. a4 a5 19. b5 Nc5 20. Ra2 Nb3
1/2-1/2

[Event "XXIX Festival Isola d'Elba A"]
[Site "Capoliveri ITA"]
[Date "2011.05.10"]
[Round "4"]
[White "Istratescu, Andrei"]
[Black "Bellia, Fabrizio"]
[Result "1-0"]
[WhiteElo "2623"]
[BlackElo "2415"]
[PlyCount "113"]
[EventDate "2011.05.07"]

1. d4 d5 2. c4 e6 3. Nc3 Nf6 4. Bg5 Be7 5. e3 h6 6. Bh4 O-O 7. cxd5 Nxd5 8.
Bxe7 Qxe7 9. Qb3 Nd7 10. Nxd5 exd5 11. Nf3 Nf6 12. Bd3 c6 13. O-O Ne4 14. Qc2
Re8 15. a3 a5 16. Rac1 a4 17. Ne5 Nd6 18. f3 Qf6 19. g4 h5 20. h3 Qh6 21. f4 f6
22. g5 fxg5 23. f5 Qf6 24. Rf3 Nf7 25. Nxf7 Kxf7 26. Qg2 Bd7 27. Kf2 Rh8 28.
Ke2 Rae8 29. Kd2 g4 30. Rf4 gxh3 31. Qxh3 Rh6 32. Rg1 Kg8 33. Qh1 Rf8 34. Rg6
Rxg6 35. fxg6 Qg5 36. Rxf8+ Kxf8 37. Qf3+ Qf6 38. Qxh5 Ke7 39. Qh2 b6 40. Qc7
c5 41. dxc5 Qxb2+ 42. Bc2 bxc5 43. Qxc5+ Ke6 44. Qd4 Qxd4+ 45. exd4 Kf6 46. Kc3
Bf5 47. Bxa4 Bxg6 48. Kb4 Be4 49. Kc5 g5 50. Bd7 Bf3 51. a4 Ke7 52. Kc6 g4 53.
a5 g3 54. Bh3 Be4 55. a6 Bf5 56. Bg2 Be4 57. a7 1-0

[Event "XXIX Festival Isola d'Elba A"]
[Site "Capoliveri ITA"]
[Date "2011.05.10"]
[Round "4"]
[White "Friedrich, Norbert"]
[Black "Laketic, Gojko"]
[Result "0-1"]
[WhiteElo "2305"]
[BlackElo "2442"]
[PlyCount "105"]
[EventDate "2011.05.07"]

1. e4 d6 2. d4 g6 3. Nf3 Bg7 4. Be2 Nd7 5. O-O e5 6. Re1 Ngf6 7. dxe5 dxe5 8.
Bc4 O-O 9. c3 b6 10. Bg5 Bb7 11. Nbd2 h6 12. Bh4 Qe8 13. Qc2 Nh5 14. Nf1 Bf6
15. Bg3 Qe7 16. Ne3 Nxg3 17. hxg3 c6 18. a4 a6 19. Red1 b5 20. Ba2 Bg7 21. b4
Rfd8 22. Nh4 Nf8 23. Qb3 Rxd1+ 24. Rxd1 Bc8 25. Qa3 Ra7 26. Bb3 Bf6 27. Nf3 Kg7
28. Qa2 h5 29. Ra1 Rc7 30. Rd1 Rd7 31. Rd2 Rxd2 32. Qxd2 Ne6 33. axb5 axb5 34.
Qa2 Ng5 35. Nd2 Qd6 36. Qc2 Bd8 37. Ndf1 Bb6 38. Ba2 Bd7 39. Bb3 Bc8 40. Ba2
Nh7 41. Qb3 Be6 42. Qc2 Bxa2 43. Qxa2 Qd3 44. Qc2 Qxc2 45. Nxc2 Nf6 46. Nd2 Ng4
47. c4 Bxf2+ 48. Kf1 Bxg3 49. cxb5 cxb5 50. Na3 Bf4 51. Ndb1 Ne3+ 52. Ke2 Nxg2
53. Nxb5 0-1

[Event "XXIX Festival Isola d'Elba A"]
[Site "Capoliveri ITA"]
[Date "2011.05.10"]
[Round "4"]
[White "Evangelisti, Claudio R."]
[Black "Naumkin, Igor"]
[Result "0-1"]
[WhiteElo "2243"]
[BlackElo "2506"]
[PlyCount "58"]
[EventDate "2011.05.07"]

1. Nf3 Nf6 2. g3 d5 3. Bg2 c5 4. c4 d4 5. O-O Nc6 6. d3 e5 7. e3 Be7 8. exd4
exd4 9. Nbd2 O-O 10. a3 a5 11. Ng5 Ng4 12. Ndf3 h6 13. Ne4 Bf5 14. h3 Nf6 15.
Nh4 Bh7 16. Nxf6+ Bxf6 17. Qh5 Bxh4 18. gxh4 Bxd3 19. Re1 Bg6 20. Qg4 h5 21.
Qg3 d3 22. Bg5 Qd7 23. Bd5 Nd4 24. Bf6 Kh7 25. Bxd4 cxd4 26. Be4 Ra6 27. Qxd3
Qd8 28. Rad1 Qxh4 29. Qxd4 Re8 0-1

[Event "XXIX Festival Isola d'Elba A"]
[Site "Capoliveri ITA"]
[Date "2011.05.10"]
[Round "4"]
[White "Paleologu, Vladimir"]
[Black "Dittmar, Peter"]
[Result "1-0"]
[WhiteElo "2152"]
[BlackElo "2307"]
[PlyCount "115"]
[EventDate "2011.05.07"]

1. e4 c5 2. Nc3 Nc6 3. Nge2 g6 4. d4 cxd4 5. Nxd4 Bg7 6. Be3 Nf6 7. Bc4 O-O 8.
Bb3 a5 9. f3 d5 10. Nxc6 bxc6 11. exd5 a4 12. Nxa4 Rxa4 13. Bxa4 Nxd5 14. Bd4
e5 15. Bf2 Qa5+ 16. c3 Ba6 17. Qb3 Nf4 18. Bb6 Nd3+ 19. Kd2 Qd5 20. Qxd5 cxd5
21. b4 Nb2 22. Bb3 d4 23. cxd4 exd4 24. g3 Nd3 25. Rab1 Ne5 26. Rhf1 Bxf1 27.
Rxf1 Nd7 28. Bc7 Rc8 29. Rc1 Bf8 30. a3 Ra8 31. Ba5 Ne5 32. Bd5 Ra7 33. Rc8 Rd7
34. Rd8 Rxd8 35. Bxd8 Bd6 36. Bf6 Kf8 37. f4 Ng4 38. Bxd4 Nxh2 39. Ke2 Ke7 40.
Bc3 f6 41. Kf2 g5 42. fxg5 fxg5 43. Bd2 Ng4+ 44. Kf3 Ne5+ 45. Ke4 h6 46. a4 Nd7
47. Kf3 g4+ 48. Kg2 Be5 49. a5 Kd6 50. Bb3 h5 51. Bc2 Nf6 52. Be3 Nd5 53. Bc5+
Kc7 54. b5 Bd6 55. Bd4 Bb4 56. Be4 Nc3 57. b6+ Kd7 58. b7 1-0

[Event "XXIX Festival Isola d'Elba A"]
[Site "Capoliveri ITA"]
[Date "2011.05.10"]
[Round "4"]
[White "Blasco, Domenico"]
[Black "Schaefer, Michael"]
[Result "0-1"]
[WhiteElo "1939"]
[BlackElo "2248"]
[PlyCount "76"]
[EventDate "2011.05.07"]

1. d4 Nf6 2. Nf3 d5 3. e3 g6 4. Be2 Bg7 5. b4 a5 6. b5 c5 7. bxc6 Nxc6 8. c4
O-O 9. Nc3 dxc4 10. Bxc4 e5 11. Ba3 exd4 12. Bxf8 Bxf8 13. Nxd4 Nxd4 14. exd4
Bb4 15. Rc1 Ne4 16. Qf3 Bf5 17. O-O Nd2 18. Qd5 Qxd5 19. Nxd5 Nxf1 20. Bxf1 Bd6
21. Ne3 Be4 22. g3 a4 23. Bg2 Bxg2 24. Kxg2 b5 25. Rc6 Rd8 26. Rb6 b4 27. Nc2
Bf8 28. Kf3 Rc8 29. Nxb4 Rc4 30. Nc6 Rc2 31. d5 Rxa2 32. Nd4 Bc5 33. Rb8+ Kg7
34. Ne2 Rd2 35. Ra8 a3 36. Ra5 a2 37. h4 Rd3+ 38. Ke4 Ba3 0-1

[Event "XXIX Festival Isola d'Elba A"]
[Site "Capoliveri ITA"]
[Date "2011.05.10"]
[Round "4"]
[White "Gromovs, Sergejs"]
[Black "Horton-Kitchlew, Andrew"]
[Result "1-0"]
[WhiteElo "2311"]
[BlackElo "2100"]
[PlyCount "89"]
[EventDate "2011.05.07"]

1. d4 e6 2. c4 d5 3. Nc3 Nf6 4. Nf3 Bb4 5. Qa4+ Nc6 6. e3 O-O 7. Bd2 Bxc3 8.
Bxc3 Ne4 9. Rc1 Nxc3 10. Rxc3 Bd7 11. Qc2 Re8 12. a3 Qf6 13. Be2 dxc4 14. Rxc4
Re7 15. O-O Rc8 16. b4 a6 17. e4 Be8 18. e5 Qh6 19. d5 Nxe5 20. Nxe5 exd5 21.
Ng4 Qe6 22. Ne3 dxc4 23. Bg4 Qc6 24. Bxc8 b5 25. Rd1 Bd7 26. Bxd7 Rxd7 27. Rxd7
Qxd7 28. Qd1 Qe7 29. Qd4 h6 30. Kf1 a5 31. Qc5 Qxc5 32. bxc5 Kf8 33. Ke2 Ke7
34. Kd2 Ke6 35. Kc3 Ke5 36. a4 c6 37. f4+ Ke6 38. Kd4 f6 39. g4 g6 40. Nc2 c3
41. f5+ gxf5 42. gxf5+ Kxf5 43. axb5 cxb5 44. Kd5 b4 45. c6 1-0

[Event "XXIX Festival Isola d'Elba A"]
[Site "Capoliveri ITA"]
[Date "2011.05.10"]
[Round "4"]
[White "Arigoni, Bruno"]
[Black "Guerrini, Donato"]
[Result "1/2-1/2"]
[WhiteElo "2071"]
[BlackElo "2011"]
[PlyCount "24"]
[EventDate "2011.05.07"]

1. Nf3 Nf6 2. d4 g6 3. e3 Bg7 4. c4 c5 5. Nc3 O-O 6. Be2 Na6 7. O-O d6 8. d5
Bf5 9. Nd2 Nc7 10. e4 Bd7 11. a4 e5 12. Re1 Nfe8 1/2-1/2

[Event "XXIX Festival Isola d'Elba A"]
[Site "Capoliveri ITA"]
[Date "2011.05.10"]
[Round "4"]
[White "Albanesi, Roberto"]
[Black "De Zaiacomo, Tonino"]
[Result "1-0"]
[WhiteElo "1980"]
[BlackElo "1715"]
[PlyCount "161"]
[EventDate "2011.05.07"]

1. e4 e5 2. Nf3 Nc6 3. Bb5 a6 4. Ba4 Nf6 5. O-O b5 6. Bb3 Be7 7. Re1 d6 8. c3
O-O 9. d4 Bg4 10. Be3 Na5 11. Bc2 Nc4 12. Bc1 c5 13. b3 Na5 14. dxe5 Bxf3 15.
Qxf3 dxe5 16. Be3 Qc7 17. Nd2 Rad8 18. Nf1 g6 19. Ng3 Kh8 20. Rad1 Nc6 21. Bxc5
Ng8 22. Rxd8 Nxd8 23. Bxe7 Qxe7 24. Nf1 Ne6 25. Ne3 Ng5 26. Qg3 f6 27. Nd5 Qg7
28. h4 Ne6 29. Qe3 g5 30. Qh3 g4 31. Qg3 h5 32. Qe3 Qh7 33. g3 Ng7 34. Qb6 Qh6
35. Rd1 f5 36. Qxh6+ Nxh6 37. Ne7 Kh7 38. Rd5 f4 39. Rxe5 f3 40. Nd5 Nf7 41.
Re7 Kh8 42. Kf1 Nd8 43. Nf4 Rf6 44. Ke1 Nc6 45. Rxg7 Rxf4 46. Rg5 Rf7 47. Rxh5+
Kg7 48. Rg5+ Kh6 49. Rxg4 Ne5 50. Rg5 Re7 51. Rf5 Kg6 52. Kd2 Rd7+ 53. Ke3 Ng4+
54. Kxf3 Nxf2 55. Rd5 Rf7+ 56. Ke2 Nh1 57. e5+ Kg7 58. g4 Rf2+ 59. Kd3 Rf3+ 60.
Kd4 Nf2 61. Bf5 Nxg4 62. Bxg4 Rf4+ 63. Kc5 Rxg4 64. Kb6 Rg6+ 65. Rd6 Rg3 66.
Kxa6 Rxc3 67. Kxb5 Re3 68. Rd5 Kf7 69. b4 Ke6 70. Rc5 Ra3 71. Rc2 Kxe5 72. Rh2
Kd5 73. h5 Ra8 74. h6 Rb8+ 75. Ka5 Kc6 76. Ka4 Kd5 77. Kb3 Rh8 78. h7 Ke6 79.
a4 Kf6 80. b5 Kg7 81. a5 1-0

[Event "XXIX Festival Isola d'Elba A"]
[Site "Capoliveri ITA"]
[Date "2011.05.10"]
[Round "4"]
[White "Ricci, Alfredo"]
[Black "Simeone, Giulio"]
[Result "1-0"]
[WhiteElo "1946"]
[BlackElo "1869"]
[PlyCount "168"]
[EventDate "2011.05.07"]

1. e4 c6 2. d4 d5 3. exd5 cxd5 4. Bd3 Nc6 5. Nf3 Nf6 6. O-O Bg4 7. c3 g6 8. h3
Bf5 9. Re1 Bg7 10. Bxf5 gxf5 11. Nh4 Qd7 12. Qf3 O-O-O 13. Nxf5 Rhg8 14. Bg5
Ne4 15. Bh4 Rde8 16. Rxe4 dxe4 17. Qxe4 e6 18. Nxg7 Rxg7 19. Nd2 Reg8 20. Bg3
f5 21. Qe3 Qd5 22. b3 Re7 23. Nf3 Qe4 24. Re1 Qxe3 25. Rxe3 Kd7 26. Bf4 Reg7
27. g3 h5 28. b4 b5 29. Kh2 Ne7 30. Ne5+ Kc8 31. Nd3 Rg6 32. Ne5 R6g7 33. c4
bxc4 34. Nxc4 Nd5 35. Rf3 Nxf4 36. Rxf4 Rd8 37. Ne3 Rc7 38. Kg2 Rf8 39. g4 hxg4
40. hxg4 Rg7 41. Kg3 Rd8 42. d5 fxg4 43. dxe6 Re7 44. Re4 Rd2 45. a4 Re2 46.
Kxg4 Rxf2 47. Nf5 Kd8 48. Kg5 Re8 49. e7+ Kd7 50. Kf6 Rf1 51. Rd4+ Kc7 52. Kf7
Rh8 53. Ke6 Re1+ 54. Kf6 Rf1 55. b5 Rf3 56. Rd5 Rf4 57. Kf7 Rh7+ 58. Ke6 Re4+
59. Kf6 Rh8 60. Kg7 Rb8 61. Kf7 Rxa4 62. e8=Q Rxe8 63. Kxe8 Kb6 64. Kd7 a6 65.
Nd4 axb5 66. Rxb5+ Ka6 67. Rd5 Kb6 68. Ne6 Rc4 69. Kd6 Rc1 70. Rd2 Kb5 71. Kd5
Kb4 72. Kd4 Kb5 73. Nd8 Rc4+ 74. Kd5 Rg4 75. Rb2+ Rb4 76. Rc2 Kb6 77. Nc6 Rb1
78. Nd4 Rb4 79. Rc3 Kb7 80. Kc5 Rb6 81. Rh3 Rf6 82. Rh7+ Kc8 83. Nc6 Rf5+ 84.
Kb6 Rf6 1-0

[Event "XXIX Festival Isola d'Elba A"]
[Site "Capoliveri ITA"]
[Date "2011.05.10"]
[Round "5"]
[White "Naumkin, Igor"]
[Black "Istratescu, Andrei"]
[Result "0-1"]
[WhiteElo "2506"]
[BlackElo "2623"]
[PlyCount "84"]
[EventDate "2011.05.07"]

1. d4 Nf6 2. c4 e6 3. Nf3 d5 4. Nc3 Bb4 5. cxd5 exd5 6. Bg5 Nbd7 7. e3 c5 8.
Bd3 c4 9. Bf5 Bxc3+ 10. bxc3 Qa5 11. Qc2 O-O 12. O-O Re8 13. Nd2 g6 14. Bh3 Ne4
15. Nxe4 dxe4 16. Bh4 Nb6 17. Bxc8 Raxc8 18. a4 Nd5 19. Rfc1 Rc6 20. h3 h5 21.
Qe2 Rec8 22. Qc2 Re8 23. Qe2 Qc7 24. Bg3 Qe7 25. Rab1 b6 26. Kh1 a6 27. Bh2 Qe6
28. Rc2 f6 29. Rg1 Kf7 30. Rcc1 h4 31. Rgf1 Re7 32. f3 exf3 33. Qxf3 Kg7 34.
Qf2 Qe4 35. Qe1 g5 36. Rf3 Rce6 37. Qe2 Qd3 38. Qxd3 cxd3 39. Rd1 Rxe3 40. Bg1
Rxf3 41. gxf3 Rc7 42. Rxd3 Rxc3 0-1

[Event "XXIX Festival Isola d'Elba A"]
[Site "Capoliveri ITA"]
[Date "2011.05.10"]
[Round "5"]
[White "Laketic, Gojko"]
[Black "Paleologu, Vladimir"]
[Result "1-0"]
[WhiteElo "2442"]
[BlackElo "2152"]
[PlyCount "93"]
[EventDate "2011.05.07"]

1. d4 Nf6 2. Nf3 c5 3. d5 e6 4. Nc3 Nxd5 5. Nxd5 exd5 6. Qxd5 d6 7. e4 Nc6 8.
Bc4 Be6 9. Qd3 Be7 10. c3 Ne5 11. Nxe5 dxe5 12. Qe2 Bxc4 13. Qxc4 O-O 14. Be3
a6 15. Rd1 Qc7 16. a4 Rab8 17. O-O b5 18. Qa2 Rfd8 19. axb5 axb5 20. Qa6 h6 21.
h3 c4 22. Rxd8+ Qxd8 23. Qc6 Bg5 24. Ba7 Qe8 25. Qxe8+ Rxe8 26. Bb6 Bd8 27. Bc5
Bg5 28. Ra1 f6 29. Rd1 Rb8 30. Kf1 Rb7 31. Ke2 Kf7 32. Ba3 Ke8 33. Rd5 h5 34.
g3 h4 35. Kf3 Kf7 36. Kg4 hxg3 37. fxg3 Kg6 38. h4 Bc1 39. Rd1 Bh6 40. h5+ Kf7
41. Kf5 Bg5 42. Rd8 b4 43. Bxb4 Rxb4 44. cxb4 Bc1 45. Rd7+ Kf8 46. Rc7 Bxb2 47.
Rxc4 1-0

[Event "XXIX Festival Isola d'Elba A"]
[Site "Capoliveri ITA"]
[Date "2011.05.10"]
[Round "5"]
[White "Schaefer, Michael"]
[Black "Gromovs, Sergejs"]
[Result "1/2-1/2"]
[WhiteElo "2248"]
[BlackElo "2311"]
[PlyCount "41"]
[EventDate "2011.05.07"]

1. d4 d5 2. c4 Nc6 3. cxd5 Qxd5 4. e3 e5 5. Nc3 Bb4 6. Bd2 Bxc3 7. Bxc3 exd4 8.
Ne2 Bg4 9. f3 Be6 10. Nxd4 Nxd4 11. Qxd4 Qxd4 12. Bxd4 f6 13. Rc1 c6 14. a3 Ne7
15. e4 Kf7 16. Be2 Rhd8 17. Be3 b6 18. O-O c5 19. Ba6 Bc8 20. Bc4+ Be6 21. Ba6
1/2-1/2

[Event "XXIX Festival Isola d'Elba A"]
[Site "Capoliveri ITA"]
[Date "2011.05.10"]
[Round "5"]
[White "Bellia, Fabrizio"]
[Black "Ricci, Alfredo"]
[Result "1-0"]
[WhiteElo "2415"]
[BlackElo "1946"]
[PlyCount "115"]
[EventDate "2011.05.07"]

1. e4 c5 2. Nf3 e6 3. d4 cxd4 4. Nxd4 a6 5. Nc3 Qc7 6. Be2 d6 7. O-O Nd7 8. f4
b5 9. Bf3 Bb7 10. a3 Ngf6 11. Re1 Nb6 12. Qd3 Rc8 13. Nde2 Be7 14. b3 d5 15. e5
Ne4 16. Nxe4 dxe4 17. Bxe4 Bxe4 18. Qxe4 Qxc2 19. Qxc2 Rxc2 20. Nd4 Bc5 21. Be3
Bxd4 22. Bxd4 Nd5 23. Rac1 Rxc1 24. Rxc1 Kd7 25. g3 Rc8 26. Bc5 Rc6 27. Kf2 Kc8
28. Kf3 a5 29. Ke4 a4 30. bxa4 bxa4 31. Kd4 Nb6 32. Rb1 Nd7 33. Rb5 f6 34. Ra5
Kb8 35. Bd6+ Kb7 36. Rxa4 fxe5+ 37. fxe5 Nb6 38. Rb4 Ka6 39. Kd3 Rc1 40. Rf4
Rh1 41. Rh4 h6 42. Bf8 Ra1 43. Bxg7 Rxa3+ 44. Ke2 Kb5 45. Rxh6 Nd5 46. Kf2 Kc4
47. Rxe6 Ra2+ 48. Kf3 Rxh2 49. Rc6+ Kb5 50. Rd6 Nc7 51. Bh6 Kc5 52. Be3+ Kb5
53. Rb6+ Ka5 54. Rc6 Ne8 55. Re6 Ng7 56. Re7 Nf5 57. Rf7 Rh5 58. Kg4 1-0

[Event "XXIX Festival Isola d'Elba A"]
[Site "Capoliveri ITA"]
[Date "2011.05.10"]
[Round "5"]
[White "Dittmar, Peter"]
[Black "Albanesi, Roberto"]
[Result "1-0"]
[WhiteElo "2307"]
[BlackElo "1980"]
[PlyCount "109"]
[EventDate "2011.05.07"]

1. e4 c5 2. Nc3 Nc6 3. g3 g6 4. Bg2 Bg7 5. d3 d6 6. Be3 Rb8 7. Qd2 b5 8. Nge2
Nd4 9. O-O h5 10. f4 b4 11. Nd1 h4 12. c3 Nxe2+ 13. Qxe2 hxg3 14. hxg3 bxc3 15.
bxc3 Nf6 16. Bf3 Bh3 17. Re1 Qc8 18. Nf2 Nh5 19. g4 Nxf4 20. Bxf4 Bxc3 21. e5
Rb2 22. Qe4 Bxe1 23. Rxe1 Rb4 24. Qc6+ Qxc6 25. Bxc6+ Kd8 26. exd6 exd6 27.
Nxh3 Rxh3 28. Bxd6 Rh8 29. g5 Rb6 30. Be5 Rh3 31. Be4 Kd7 32. Kg2 Rh7 33. Bd5
Rb4 34. Bc4 Rb7 35. Bf6 Kd6 36. Kg3 Rh5 37. Kg4 Rh7 38. Re5 Rh2 39. Rd5+ Kc6
40. Be5 Rg2+ 41. Bg3 Rd7 42. Rxd7 Kxd7 43. Bxf7 Rd2 44. Bc4 a5 45. a4 Rd1 46.
Kf3 Kc6 47. Be5 Re1 48. Bf6 Kd6 49. Bf7 Rf1+ 50. Ke2 Rf4 51. Bc4 Rg4 52. Kd2
Kc6 53. Kc3 Rg3 54. Bf7 Rg4 55. Bxg6 1-0

[Event "XXIX Festival Isola d'Elba A"]
[Site "Capoliveri ITA"]
[Date "2011.05.10"]
[Round "5"]
[White "Facchetti, Gianni"]
[Black "Friedrich, Norbert"]
[Result "0-1"]
[WhiteElo "2098"]
[BlackElo "2305"]
[PlyCount "136"]
[EventDate "2011.05.07"]

1. e4 c5 2. Nf3 b6 3. d4 cxd4 4. Nxd4 Bb7 5. Bd3 e6 6. O-O a6 7. Nc3 d6 8. Be3
Nf6 9. f3 Be7 10. Qd2 O-O 11. Rfd1 Qc7 12. a3 Nbd7 13. Rac1 Ne5 14. Nce2 Rac8
15. Ng3 b5 16. Qe2 Rfe8 17. c3 Nxd3 18. Rxd3 d5 19. Bf2 Bd6 20. Re1 Bf4 21.
Rdd1 Red8 22. exd5 Bxd5 23. Qc2 Bc4 24. Nde2 Bd6 25. Nf1 Nd5 26. g3 Qb7 27. Nd4
Nf6 28. Ne3 Bd5 29. Nxd5 Nxd5 30. Qe4 Rc4 31. Qe2 Qc8 32. Rd3 Rc7 33. Red1 Re7
34. Nc2 Red7 35. Ne3 Nf6 36. Ng2 Be7 37. Nf4 Bd6 38. Ng2 Nd5 39. Ne1 Nf6 40.
Kf1 Qc6 41. Kg1 h6 42. Nc2 Qc4 43. Kf1 Qc6 44. R1d2 Be7 45. Rxd7 Rxd7 46. Rxd7
Nxd7 47. Bd4 e5 48. Bf2 Nf6 49. Kg2 Bd6 50. Qd3 h5 51. h3 g6 52. Ba7 e4 53. Qe2
Bxg3 54. Kxg3 Qc7+ 55. Kg2 Qxa7 56. fxe4 Qe7 57. Kf3 Qe6 58. Kg2 Nxe4 59. Nd4
Qd5 60. Qf3 Qg5+ 61. Kh2 Qd2+ 62. Qg2 Qf4+ 63. Kg1 Kh7 64. Ne2 Qe3+ 65. Kh2 h4
66. Nd4 Qf4+ 67. Kg1 Ng3 68. Qf2 Qc1+ 0-1

[Event "XXIX Festival Isola d'Elba A"]
[Site "Capoliveri ITA"]
[Date "2011.05.10"]
[Round "5"]
[White "Blasco, Domenico"]
[Black "Evangelisti, Claudio R."]
[Result "0-1"]
[WhiteElo "1939"]
[BlackElo "2243"]
[PlyCount "72"]
[EventDate "2011.05.07"]

1. d4 Nf6 2. Nf3 e6 3. e3 b6 4. Bd3 Bb7 5. Nbd2 c5 6. O-O Nc6 7. b3 Qc7 8. a3
cxd4 9. exd4 Nxd4 10. Nxd4 Qc3 11. Nxe6 fxe6 12. Rb1 Qc6 13. Nf3 Bd6 14. Re1
O-O 15. Bb2 Bf4 16. Bxf6 Rxf6 17. Qe2 Qc7 18. Be4 d5 19. Bd3 Bd6 20. Ne5 Raf8
21. Ng4 e5 22. Nxf6+ Rxf6 23. Qh5 e4 24. Bf1 Bc6 25. g3 Bc5 26. Re2 b5 27. b4
Bb6 28. Rd1 g6 29. Qg5 Qf7 30. Qd2 d4 31. Bg2 Rf3 32. Bxf3 Qxf3 33. Rxe4 Bxe4
34. Kf1 Qh1+ 35. Ke2 Bf3+ 36. Kd3 Qxd1 0-1